000 00518ntaaa2200205 4500
003 01
005 20251027202918.0
008 0714s1973 ag 01
040 _aAR-BaBN
_bspa
_cAR-BaBN
_eaacr
_dRIC
082 _a922.0000 M61
100 _aMiller, Basil
_915843
245 _aJuan Wesley
250 _a1 ed.
260 _aMéxico :
_bEdiciones "Alba",
_c1948
300 _a135 p
650 _abiografía-Wesley, Juan
_929571
650 _aWesley, Juan-biografía
_929572
650 _aMetodistas
_9997
942 _cBK
999 _c24346
_d24346